Normal view
MARC view
- Mohsin Ahmad
Entry Personal Name
001 - CONTROL NUMBER
- control field: 113130
003 - CONTROL NUMBER IDENTIFIER
- control field: NUST
005 - DATE AND TIME OF LATEST TRANSACTION
- control field: 20230613153428.0
008 - FIXED-LENGTH DATA ELEMENTS
- fixed length control field: 230613|| aca||aabn | a|a d
040 ## - CATALOGING SOURCE
- Original cataloging agency: NUST
- Transcribing agency: NUST
100 ## - HEADING--PERSONAL NAME
- Personal name: Mohsin Ahmad
670 ## - SOURCE DATA FOUND
- Source citation: Work cat.: (NUST): Mohsin Ahmad., Developing an Effective Machine Learning System for the Diagnosis of Cardiovascular Diseases using Electrocardiogram signal /, June, 2023.
